La búsqueda de la verdad /

W.V. Quine (1908-2000), filósofo y lógico norteamericano con doctorado en matemáticas, plantea en la presente obra las construcciones lógicas y semánticas que dan razón de los significados cognitivos y las raíces del conocimiento.

Guardado en:
Detalles Bibliográficos
Autor principal: Quine, W.V (autor)
Formato: Libro
Idioma:Español
Publicado: Barcelona, España : Crítica, 1992, c1992
Colección:(Crítica/Filosofía ; 18)
Temas:
Etiquetas: Agrega una etiqueta
Sin etiquetas, Sé el primero en etiquetar este registro!

MARC

LEADER 00000nam^a2200000^a^4500
001 000182722
005 20250521000000.0
009 20260310102017.367
020 |a 84-7423-560-X 
037 |a Acervo ITESO - Biblioteca 
041 |a ESP 
082 |a 121.  |b QUI 
100 |a Quine, W.V.  |e (autor) 
245 1 3 |a La búsqueda de la verdad /  |c W.V. Quine ; tr. por Javier Rodríguez Alcazar. 
264 4 |a Barcelona, España :  |b Crítica,  |c 1992, c1992 
300 |a 167 p. 
336 |a texto  |b txt  |2 rdacontenido 
337 |a sin mediación  |b n  |2 rdamedio 
338 |a volumen  |b nc  |2 rdasoporte 
440 1 |a (Crítica/Filosofía ;  |v 18) 
500 |a Traducción de: Pursuit of Truth 
520 |a W.V. Quine (1908-2000), filósofo y lógico norteamericano con doctorado en matemáticas, plantea en la presente obra las construcciones lógicas y semánticas que dan razón de los significados cognitivos y las raíces del conocimiento. 
649 |a XX 
650 |a Verdad -  |x Tema Principal 
650 |a Epistemología 
650 |a Lógica 
650 |a Ontología 
650 |a Semántica 
650 |a Lingüística 
650 |a Filosofía del Lenguaje 
650 |a Filosofía del Siglo XX 
650 |a Filosofía Norteamericana 
910 |a Fondo General 
920 |a Impresos - Libros 
930 |a Colección General 
905 |a 101 
901 |a 0500122744  |b IT1  |c ACC  |u 20250521 
902 |a https://opac.biblio.iteso.mx/vufind/Record/000182722